| 000 | 00586pam a2200217 a 4500 | ||
|---|---|---|---|
| 001 | 4328505 | ||
| 005 | 20180222065655.0 | ||
| 008 | 880413s1988 vau b s000 0 eng | ||
| 010 | _a 88014743 | ||
| 020 | _a0913969133 (alk. paper) | ||
| 040 |
_aDLC _cDLC _dDLC |
||
| 041 | _aeng | ||
| 080 | _a363 tyl | ||
| 082 | 0 | 0 |
_a363 tyl _219 |
| 100 | _a59 | ||
| 101 | _amar | ||
| 245 | 0 | 4 |
_aThe Theory of market failure : _cedited by Tyler Cowen. |
| 504 | _aIncludes bibliographies. | ||
| 906 |
_a7 _bcbc _corignew _d1 _eocip _f19 _gy-gencatlg |
||
| 942 |
_2ddc _cBK |
||
| 999 |
_c43177 _d43177 |
||